| 000 | 00564nam a2200181 u 4500 | ||
|---|---|---|---|
| 001 | 000525100 | ||
| 003 | AM-YeHGA | ||
| 005 | 20250617135154.0 | ||
| 008 | 070307s1892 ai r 000 0 arm d | ||
| 040 | _aAM-YeHGA | ||
| 041 | 0 | _aarm | |
| 100 | 1 | _aՄըշըրֆեան, Պ. | |
| 245 | 1 | 0 |
_aՆունուֆար : _bԺողովրդական վէպ / _cՊ. Մըշըրֆեան. |
| 260 |
_aԱղէքսանդրապօլ : _bտպ. Գէորգ Ս. Սանոյեանցի, _c1892. |
||
| 300 | _a80 էջ. | ||
| 650 | 1 | 4 |
_aՀայ գրականություն _xՎեպ |
| 090 | _c196430 | ||
| 999 |
_c194954 _d194954 |
||